| 000 | 00962nam a22002417a 4500 | ||
|---|---|---|---|
| 003 | OSt | ||
| 005 | 20250714022653.0 | ||
| 008 | 250714b |||||||| |||| 00| 0 eng d | ||
| 020 | _a 978971236725 | ||
| 040 |
_aDWCL - Main lib _cOC |
||
| 082 | _aFil. 343.599 C112p 2014 | ||
| 100 | _aCabulay, Danny Araneta | ||
| 245 |
_a Philippine tourism laws : _b a comprehensive guide to studying laws relevant to the Philippine tourism industry/ _cDanny Araneta Cabulay |
||
| 250 | _aSecond edition. | ||
| 260 |
_aManila, Philippines : _bRex Book Store, _c c2014. |
||
| 300 |
_axii, 397 pages : _billustrations ; _c25 cm. |
||
| 504 | _aIncludes bibliographical references and index. | ||
| 650 | _a1. Hotels--Law and legislation--Philippines. | ||
| 650 | _a2. Tourism--Law and legislation--Philippines. | ||
| 650 | _a3. Travel and tours--Law and legislation--Philippines. | ||
| 700 | _aChristine P.C. Aldeguer | ||
| 942 |
_2ddc _cBK - FIL _eSecond edition. _kFil. _n0 |
||
| 999 |
_c3643 _d3643 |
||